Những chiếc máy thông minh /
Kaydedildi:
| Yazar: | |
|---|---|
| Diğer Yazarlar: | |
| Materyal Türü: | Kitap |
| Dil: | Vietnamese |
| Baskı/Yayın Bilgisi: |
Tp.HCM :
Thanh Niên ,
1978
|
| Edisyon: | In lần thứ 1 |
| Konular: | |
| Etiketler: |
Etiketle
Etiket eklenmemiş, İlk siz ekleyin!
|
| Thư viện lưu trữ: | Thư viện Trường CĐ Kỹ Thuật Cao Thắng |
|---|
| LEADER | 00707nam a2200217 a 4500 | ||
|---|---|---|---|
| 001 | TVCDKTCT908 | ||
| 003 | Thư viện trường Cao đẳng Kỹ thuật Cao Thắng | ||
| 005 | 20050804000000 | ||
| 008 | 050804 | ||
| 980 | \ | \ | |a Thư viện Trường CĐ Kỹ Thuật Cao Thắng |
| 024 | |a RG_1 #1 eb0 i1 | ||
| 041 | 0 | # | |a vie |
| 082 | # | # | |a 608.7 / |b NG527H-n |
| 100 | 1 | # | |a Nguyễn Bá Hào |
| 245 | 0 | 0 | |a Những chiếc máy thông minh / |c Nguyễn Bá Hào, Hoàng Kiếm |
| 250 | # | # | |a In lần thứ 1 |
| 260 | # | # | |a Tp.HCM : |b Thanh Niên , |c 1978 |
| 300 | # | # | |a 131tr. ; |c 20,5cm |
| 650 | # | 4 | |a Máy thông minh |
| 650 | # | 4 | |a Kỹ thuật-phát minh |
| 700 | 0 | # | |a Hoàng Kiếm |